000
00259nam a2200097Ia 4500
005
20250424112838.0
008
250424s9999 xx 000 0 und d
300
_a
: ill. ; 28 cm.
650
_a
Mechatronics--Periodicals. Mechatronics--Periodicals.
942
_c
SR
999
_c
37471
_d
37471